Hatezer munkás tüntetett Szegeden a választójogért
Elmentve itt :
| Dokumentumtípus: | Cikk |
|---|---|
| Megjelent: |
1918-04-23
|
| Sorozat: | Délmagyarország
7 No. 93 |
| Kulcsszavak: | Szalay József, Borbola Jenő, Dreyer József, Ábrahám Mátyás, Fürtös Sándor, Schnabe Mór, Olejnyik József, Becsey Károly, Széll Juliska, Balassa Ármin, Kállai Emil, Népgyűlés szociáldemokrata Szeged 1918, Választójog Szeged 1918 |
| Online Access: | http://dmarchiv.bibl.u-szeged.hu/44028 |
| LEADER | 00657nab a2200145 i 4500 | ||
|---|---|---|---|
| 001 | delm44028 | ||
| 005 | 20180927131942.0 | ||
| 008 | 180927s1918 hu o 0|| hun d | ||
| 040 | |a SZTE Délmagyarország Archívum |b hun | ||
| 041 | |a hun | ||
| 245 | 0 | 0 | |a Hatezer munkás tüntetett Szegeden a választójogért |h [elektronikus dokumentum] |
| 260 | |c 1918-04-23 | ||
| 300 | |a 3 | ||
| 490 | 0 | |a Délmagyarország |v 7 No. 93 | |
| 695 | |a Szalay József, Borbola Jenő, Dreyer József, Ábrahám Mátyás, Fürtös Sándor, Schnabe Mór, Olejnyik József, Becsey Károly, Széll Juliska, Balassa Ármin, Kállai Emil, Népgyűlés szociáldemokrata Szeged 1918, Választójog Szeged 1918 | ||